00237nam a2200073Ia 4500008004100000082000800041100001400049245010000063240331s9999 xx 000 0 und d bPRA aPratap, A 0aIsland of blood :brontline reports from Sri Lanka Afghanistan and other South Asian flashpoint